000 00300nam a2200109Ia 4500
008 200302s9999 xx 000 0 und d
100 _aManuel Gausa & Others
245 _aThe Metapolis Dictionary of Architecture
260 _bArchitectural Association Publication
260 _c2003
300 _a688 P.,
999 _c2760
_d2760